| 000 | 00586nam a22001937a 4500 | ||
|---|---|---|---|
| 005 | 20260622165653.0 | ||
| 010 | _aENG-148918 | ||
| 020 |
_c1000.00 _a9789390702008 |
||
| 035 | _aEN-132950 | ||
| 037 |
_bDBAD _aDPL |
||
| 082 |
_a294.592 _21 |
||
| 100 |
_aJain, Amit Rai _986378 |
||
| 245 |
_aSarasvati The Mystical River of India/ _cAmit Rai Jain |
||
| 250 | _a1 | ||
| 260 |
_bKitabwale _aNew Delhi _c2023 |
||
| 270 |
_a7/31, Ansari Road, Daryaganj _bNew Delhi _e110002 |
||
| 300 |
_a213p. _c22cm(hb) _bIndex |
||
| 942 |
_2ddc _cEN _h294.592 _mJAI |
||
| 999 |
_c216773 _d216773 |
||